| 000 | 00354pam a2200145 a 4500 | ||
|---|---|---|---|
| 020 | _c | ||
| 041 | _aeng | ||
| 082 |
_a621.381 _bMAH/GOK |
||
| 100 | _aMahajan. | ||
| 245 |
_aElements of Electronics Engineering _hDonate Books |
||
| 260 |
_aPune: _bKulkarni V. S., _c1997. |
||
| 300 |
_a303: _bp.b.; _c21814. |
||
| 700 |
_aGokhale, _eauthor. |
||
| 930 | _a15637 | ||
| 999 |
_c58858 _d58858 |
||